S.S.C. Napoli Squad 2019-20 - Statistics

General Stats
  • This quiz has been taken 32 times
  • The average score is 23 of 27
Answer Stats
Squad Number Position Nationality Player % Correct
8 CM Spanish Fabián Ruiz
100%
44 CB Greek Kostas Manolas
100%
24 LW Italian Lorenzo Insigne
100%
6 LB Portuguese Mário Rui
100%
99 ST Polish Arkadiusz Milik
96%
14 CF Belgian Dries Mertens
96%
11 LW Mexican Hirving Lozano
96%
26 CB Senegalese Kalidou Koulibaly
96%
20 CM Polish Piotr Zieliński
96%
1 GK Italian Alex Meret
93%
25 GK Colombian David Ospina
93%
7 RW Spanish José Callejón
93%
5 CM Brazilian Allan
89%
23 RB Albanian Elseid Hysaj
86%
31 LB Algerian Faouzi Ghoulam
86%
22 RB Italian Giovanni Di Lorenzo
86%
19 CB Serbian Nikola Maksimović
86%
9 ST Spanish Fernando Llorente
82%
2 RB French Kévin Malcuit
82%
- Manager Italian Gennaro Gattuso
79%
68 DM Slovak Stanislav Lobotka
79%
4 DM German Diego Demme
75%
34 LW German Amin Younes
71%
12 CM Macedonian Elif Elmas
71%
27 GK Greek Orestis Karnezis
68%
21 RW Italian Matteo Politano
61%
13 CB Italian Sebastiano Luperto
46%
No matching quizzes found
Score Distribution
Percent of People with Each Score
Percentile by Number Answered
Your Score History
You have not taken this quiz